White Lotus
Sábháilte in:
| Príomhchruthaitheoir: | |
|---|---|
| Formáid: | LEABHAR |
| Teanga: | Undetermined |
| Foilsithe / Cruthaithe: |
New York, Estados Unidos
Alfred A. Knopf
1965
|
| Ábhair: | |
| Clibeanna: |
Cuir clib leis
Níl clibeanna ann, Bí ar an gcéad duine le clib a chur leis an taifead seo!
|
MARC
| LEADER | 00000nam a2200000Ia 4500 | ||
|---|---|---|---|
| 008 | 170316s9999 xx 000 0 und d | ||
| 040 | |a cru BVZT | ||
| 090 | |a 810 H-18w | ||
| 100 | |a Hersey, John | ||
| 245 | |a White Lotus | ||
| 260 | |a New York, Estados Unidos | ||
| 260 | |b Alfred A. Knopf | ||
| 260 | |c 1965 | ||
| 300 | |a 686 páginas | ||
| 650 | |a LITERATURA ESTADOUNIDENSE | ||
| 999 | |c 5734 |d 5734 | ||
| 942 | |c 15 D |h 810 H-18w |2 z | ||
